|
|
|
|
| LEADER |
00000nas1a2200000 4500 |
| 001 |
380074 |
| 005 |
20231101062638.0 |
| 035 |
|
|
|a (RuTPU)RU\TPU\prd\669
|
| 035 |
|
|
|a BOOK00000669
|
| 090 |
|
|
|a 380074
|
| 100 |
|
|
|a 20011210b k y0rusy50 ca
|
| 101 |
0 |
|
|a rus
|
| 102 |
|
|
|a RU
|
| 110 |
|
|
|a afaz|||0uu0
|
| 200 |
1 |
|
|a Газовое дело
|e реферативный научно-технический сборник
|
| 210 |
|
|
|a Москва
|c ВНИИОЭНГ
|d 1966-1972
|
| 326 |
|
|
|a 12 номеров в год
|
| 610 |
1 |
|
|a газовое дело
|
| 610 |
1 |
|
|a газовые месторождения
|
| 610 |
1 |
|
|a газовые скважины
|
| 675 |
|
|
|a 622.324
|v 3
|
| 801 |
|
0 |
|a RU
|b 63413507
|c 20011210
|g PSBO
|
| 801 |
|
2 |
|a RU
|b 63413507
|c 20140718
|g PSBO
|
| 942 |
|
|
|c CR
|